000 00456nam a2200181Ia 4500
003 OSt
005 20230601171331.0
008 210423s2009 xx 000 0 und d
040 _cAL
041 _aeng
082 _a658.3
_223
_bWERH
100 _aWERNER (Jen M).
_9118339
245 _aHuman resource development.
260 _aAustralia
_bSouth- Western
_c2009
365 _b418
_cINR
906 _adevelopment. ; Human ; resource
942 _2ddc
_cBK
999 _c175581
_d175581